| 000 | 00768cam a2200229 a 4500 | ||
|---|---|---|---|
| 001 | 4473606 | ||
| 005 | 20180313054646.0 | ||
| 008 | 961122s1997 nyua b 001 0 eng | ||
| 010 | _a 96051533 | ||
| 020 | _a0887308414 | ||
| 040 |
_aDLC _cDLC _dDLC |
||
| 041 | _aeng | ||
| 080 | _a658.409 lel | ||
| 082 | 0 | 0 |
_a658.409 lel _221 |
| 100 | 1 | _a54 | |
| 101 | _acap | ||
| 245 | 1 | 0 |
_aIntellectual capital : _cLeif Edvinsson and Michael S. Malone. |
| 504 | _aIncludes bibliographical references (p. 211-216) and index. | ||
| 906 |
_a7 _bcbc _corignew _d1 _eocip _f19 _gy-gencatlg |
||
| 942 |
_2ddc _cBK |
||
| 999 |
_c44872 _d44872 |
||